• 首页
  • 本馆介绍
  • 公告通知
  • 最新文献
  • 馆藏检索
  • 电子资源
  • 读者导购
  • 参考咨询
  • 我的图书馆
  • 登录
  • 详细信息显示
  • 放入我的书架
  • 预约/预借图书
  • 作者相关作品
  • 分类相关作品
  • 丛书相关作品
  • 出版社相关作品

书目信息

  • 表格格式
  • 工作单格式
  • 卡片格式
题名:
神经网络在应用科学和工程中的应用
    
 
作者: 萨马拉辛哈 著 ;史晓霞 , 陈一民 , 李军治 译
分册:  
出版信息: 北京   机械工业出版社  2009.07
页数: 21,444页
开本: 24cm
丛书名: 国际电气工程先进技术译丛
单 册:
中图分类: TP183
科图分类:
主题词: 人工神经网络--应用--研究 , 人工神经网络
电子资源:
ISBN: 978-7-111-27585-5
000 01618oam2 22003371 450
001 004339737
005 20101116002418.0
010    @a978-7-111-27585-5@dCNY88.00
100    @a20091204d2009 em y0chiy50 ea
101 1  @achi@ceng
102    @aCN@b110000
105    @ay z 000yy
200 1  @a神经网络在应用科学和工程中的应用@9shen jing wang luo zai ying yong ke xue he gong cheng zhong de ying yong@e从基本原理到复杂的模式识别@f(美)Sandhya Samarasinghe著@g史晓霞,陈一民,李军治等译
210    @a北京@c机械工业出版社@d2009.07
215    @a21,444页@d24cm
225 2  @a国际电气工程先进技术译丛
312    @a封面英文题名:Neural networks for applied sciences and engineering:from fundamentals to complex pattern recognition
330    @a本书以神经网络在科学数据分析中所扮演角色的介绍性讨论作为开始,给出了神经网络的基本概念。书中首先对用于实际数据分析的神经网络结构进行了综合概述,继而对线性网络进行了大量的介绍,并介绍了所有处理阶段的用于非线性预告和分类的多层感知器。
461  0 @12001 @a国际电气工程先进技术译丛
510 1  @aNeural networks for applied sciences and engineering@efrom fundamentals to complex pattern recognition@zeng
517 1  @a从基本原理到复杂的模式识别@9cong ji ben yuan li dao fu za de mo shi shi bie
606 0  @a人工神经网络@x应用@x研究
606 0  @a人工神经网络
690    @aTP183@v5
701  0 @c(美)@a萨马拉辛哈@9sa ma la xin ha@c(Samarasinghe, Sandhya)@4著
702  0 @a史晓霞@9shi xiao xia@4译
702  0 @a陈一民@9chen yi min@4译
702  0 @a李军治@9li jun zhi@4译
801  0 @aCN@b91MARC@c20101222
905    @aBZT@dTP183@e1
906    @dCNY88.00@n0@r1
    
    神经网络在应用科学和工程中的应用:从基本原理到复杂的模式识别/(美)Sandhya Samarasinghe著/史晓霞,陈一民,李军治等译.-北京:机械工业出版社,2009.07
    21,444页;24cm.-(国际电气工程先进技术译丛)
    
    
    ISBN 978-7-111-27585-5:CNY88.00
    本书以神经网络在科学数据分析中所扮演角色的介绍性讨论作为开始,给出了神经网络的基本概念。书中首先对用于实际数据分析的神经网络结构进行了综合概述,继而对线性网络进行了大量的介绍,并介绍了所有处理阶段的用于非线性预告和分类的多层感知器。
●
相关链接 在五车中查询图书 在当当中查询图书 在豆瓣中查询图书


正题名:神经网络在应用科学和工程中的应用     索取号:TP183/1         预约/预借

序号 登录号 条形码 馆藏地/架位号 状态 备注
1 759849   2000759849   样本书库/样003架B面3层1列/ [索取号:TP183/1] 在馆    
2 759850   2000759850   中心书库中库/ 中库028架B面3列7层3/ [索取号:TP183/1] 在馆    
3 759851   2000759851   中心书库中库/ 中库028架B面3列7层4/ [索取号:TP183/1] 在馆    
4 759852   2000759852   中心书库中库/ 中库028架B面3列7层1/ [索取号:TP183/1] 在馆    
5 759853   2000759853   中心书库中库/ 中库028架B面3列7层2/ [索取号:TP183/1] 在馆    
山东省滨州职业学院图书馆 欢迎您!
大连网信软件有限公司© 版权所有